LEADER 00786nam0-22002771i-450- 001 990003346690403321 005 20080716141918.0 035 $a000334669 035 $aFED01000334669 035 $a(Aleph)000334669FED01 035 $a000334669 100 $a20030910d1955----km-y0itay50------ba 101 0 $aita 105 $ay-------001yy 200 1 $a<>SHOCK OF RECOGNITION 210 $aNEW YORK$cTHE UNIVERSAL LIBRERY$d1955 610 0 $aStiria e Critica Letteraria Letteratura Americana 676 $a809/810 700 1$aWilson,$bEdmund$f<1895-1972>$0132603 801 0$aIT$bUNINA$gRICA$2UNIMARC 901 $aBK 912 $a990003346690403321 952 $a809/810 WIL$bLINGUE 033001$fDECLI 959 $aDECLI 996 $aSHOCK OF RECOGNITION$9442961 997 $aUNINA LEADER 00999nam2-2200313---450 001 990003552450203316 005 20220523091122.0 035 $a000355245 035 $aUSA01000355245 035 $a(ALEPH)000355245USA01 035 $a000355245 100 $a20110720h2000----km-y0itay50------ba 101 $afre 102 $aBE 105 $aaf--||||001yy 200 1 $a21. Defensible sites in Crete, c. 1200-800 B.C.$eLM IIIB/IIIC through early geometric$fKrzysztof Nowicki 210 $aLiège$cUniversité de Liège$aAustin$cUniversity of Austen$d2000 215 $a293 p., 54 p. di tav.$cill.$d30 cm 461 0$1001000318661$12001$aAegaeum 606 0 $aCreta$xOggetti di scavo$2BNCF 676 $a938.01 700 1$aNOWICKI,$bKrzysztof$0459432 801 0$aIT$bsalbc$gISBD 912 $a990003552450203316 951 $aXI.3.B. 625$b232563 L.M.$cIX.3.$d00298064 959 $aBK 969 $aUMA 996 $a21. Defensible sites in Crete, c. 1200-800 B.C$92843118 997 $aUNISA